[Event "World Chess Olympiad 2018"]
[Site "Batumi"]
[Date "2018.09.25"]
[Round "2"]
[Board "3"]
[WhiteFideId "11501731"]
[White "Allam Mohamed"]
[BlackFideId "24194662"]
[Black "Tersinsev Andrey"]
[Result "1/2-1/2"]
[LiveChessVersion "1.4.8"]
[BlackElo "2194"]
[WhiteElo "1948"]

1. d4 {[%clk 1:30:43]} Nf6 {[%clk 1:30:42]} 2. c4 {[%clk 1:30:37]} g6
{[%clk 1:31:01]} 3. Nc3 {[%clk 1:30:43]} Bg7 {[%clk 1:31:21]} 4. e4
{[%clk 1:30:20]} d6 {[%clk 1:31:36]} 5. h3 {[%clk 1:29:49]} O-O {[%clk 1:31:54]}
6. Be3 {[%clk 1:29:28]} b6 {[%clk 1:29:59]} 7. Bd3 {[%clk 1:23:38]} a6
{[%clk 1:24:56]} 8. Nge2 {[%clk 1:20:55]} c5 {[%clk 1:24:18]} 9. d5
{[%clk 1:15:47]} e6 {[%clk 1:17:57]} 10. dxe6 {[%clk 1:10:07]} fxe6
{[%clk 1:17:39]} 11. Ng3 {[%clk 1:01:55]} Nc6 {[%clk 1:16:03]} 12. Qd2
{[%clk 0:48:32]} Bb7 {[%clk 1:03:48]} 13. Bg5 {[%clk 0:37:52]} Qc7
{[%clk 1:00:21]} 14. h4 {[%clk 0:33:47]} Ng4 {[%clk 0:59:28]} 15. f3
{[%clk 0:27:31]} d5 {[%clk 0:52:15]} 16. Rh3 {[%clk 0:27:31]} Nge5
{[%clk 0:48:58]} 17. cxd5 {[%clk 0:26:25]} Nb4 {[%clk 0:47:19]} 18. Be2
{[%clk 0:26:00]} exd5 {[%clk 0:46:25]} 19. exd5 {[%clk 0:25:46]} Bc8
{[%clk 0:37:25]} 20. d6 {[%clk 0:24:26]} Qc6 {[%clk 0:36:56]} 21. Rh1
{[%clk 0:24:12]} c4 {[%clk 0:35:52]} 22. Kd1 {[%clk 0:17:28]} Nbd3
{[%clk 0:33:51]} 23. Nge4 {[%clk 0:14:50]} Bf5 {[%clk 0:32:10]} 24. Bxd3
{[%clk 0:11:50]} cxd3 {[%clk 0:31:16]} 25. Rb1 {[%clk 0:10:21]} b5
{[%clk 0:24:46]} 26. b4 {[%clk 0:03:52]} Rac8 {[%clk 0:24:08]} 27. Rb3
{[%clk 0:02:08]} Be6 {[%clk 0:22:05]} 28. Rb1 {[%clk 0:02:33]} Bf5
{[%clk 0:19:20]} 29. Rb3 {[%clk 0:02:51]} Be6 {[%clk 0:18:35]} 30. Rb1
{[%clk 0:03:05]} Bf5 {[%clk 0:09:40]} 1/2-1/2

[Event "World Chess Olympiad 2018"]
[Site "Batumi"]
[Date "2018.09.25"]
[Round "2"]
[Board "4"]
[WhiteFideId "14511444"]
[White "Glazar Domagoj"]
[BlackFideId "3400085"]
[Black "Michel Yunis Christian D."]
[Result "1-0"]
[LiveChessVersion "1.4.8"]
[BlackElo "2233"]
[WhiteElo "2145"]

1. d4 {[%clk 1:29:43]} Nf6 {[%clk 1:30:45]} 2. Nf3 {[%clk 1:29:37]} e6
{[%clk 1:30:40]} 3. e3 {[%clk 1:29:25]} c5 {[%clk 1:28:35]} 4. Bd3
{[%clk 1:28:41]} d5 {[%clk 1:27:45]} 5. c3 {[%clk 1:28:23]} Nc6 {[%clk 1:27:30]}
6. O-O {[%clk 1:28:16]} Bd6 {[%clk 1:25:12]} 7. Nbd2 {[%clk 1:27:46]} O-O
{[%clk 1:24:59]} 8. dxc5 {[%clk 1:25:37]} Bxc5 {[%clk 1:24:53]} 9. e4
{[%clk 1:25:11]} dxe4 {[%clk 1:15:34]} 10. Nxe4 {[%clk 1:25:19]} Be7
{[%clk 1:14:48]} 11. Qe2 {[%clk 1:22:24]} Qc7 {[%clk 1:08:51]} 12. Nxf6+
{[%clk 1:22:05]} Bxf6 {[%clk 1:08:44]} 13. Qe4 {[%clk 1:18:36]} g6
{[%clk 1:08:49]} 14. Bh6 {[%clk 1:16:28]} Rd8 {[%clk 1:02:28]} 15. Rad1
{[%clk 1:12:43]} e5 {[%clk 0:56:18]} 16. Qe2 {[%clk 1:05:10]} Be6
{[%clk 0:45:57]} 17. b3 {[%clk 1:00:25]} Qe7 {[%clk 0:43:11]} 18. Qe3
{[%clk 0:55:59]} Bd5 {[%clk 0:30:55]} 19. Ng5 {[%clk 0:41:16]} Bxg5
{[%clk 0:19:37]} 20. Bxg5 {[%clk 0:40:27]} f6 {[%clk 0:20:05]} 21. Bh4
{[%clk 0:40:16]} Rd6 {[%clk 0:10:07]} 22. c4 {[%clk 0:31:24]} Bf7
{[%clk 0:10:22]} 23. Be4 {[%clk 0:22:30]} g5 {[%clk 0:05:27]} 24. Bg3
{[%clk 0:22:12]} Nd4 {[%clk 0:05:40]} 25. f4 {[%clk 0:19:22]} gxf4
{[%clk 0:04:48]} 26. Bxf4 {[%clk 0:19:43]} exf4 {[%clk 0:04:47]} 27. Rxf4
{[%clk 0:17:57]} Qe5 {[%clk 0:03:06]} 28. Qg3+ {[%clk 0:16:05]} Bg6
{[%clk 0:02:48]} 29. Re1 {[%clk 0:15:20]} Qc5 {[%clk 0:02:31]} 30. Kh1
{[%clk 0:14:23]} Kg7 {[%clk 0:00:40]} 31. Bxg6 {[%clk 0:14:18]} 1-0

[Event "World Chess Olympiad 2018"]
[Site "Batumi"]
[Date "2018.09.25"]
[Round "2"]
[Board "1"]
[WhiteFideId "10200444"]
[White "Mollah Abdullah Al Rakib"]
[BlackFideId "4101898"]
[Black "Babarykin Stanislav"]
[Result "1-0"]
[LiveChessVersion "1.4.8"]
[BlackElo "2396"]
[WhiteElo "2472"]

1. d4 {[%clk 1:30:54]} d5 {[%clk 1:28:45]} 2. c4 {[%clk 1:31:18]} c6
{[%clk 1:28:52]} 3. Nf3 {[%clk 1:31:33]} Nf6 {[%clk 1:28:44]} 4. g3
{[%clk 1:30:27]} dxc4 {[%clk 1:27:22]} 5. Bg2 {[%clk 1:30:15]} g6
{[%clk 1:25:59]} 6. a4 {[%clk 1:22:08]} Bg7 {[%clk 1:24:30]} 7. O-O
{[%clk 1:18:56]} O-O {[%clk 1:24:34]} 8. Na3 {[%clk 1:19:15]} Be6
{[%clk 1:11:19]} 9. Ng5 {[%clk 1:12:24]} Bd5 {[%clk 0:59:38]} 10. e4
{[%clk 1:12:37]} h6 {[%clk 1:00:04]} 11. exd5 {[%clk 1:12:58]} hxg5
{[%clk 1:00:17]} 12. dxc6 {[%clk 1:12:46]} Nxc6 {[%clk 1:00:39]} 13. d5
{[%clk 1:00:15]} Ne5 {[%clk 0:59:31]} 14. Bxg5 {[%clk 0:59:53]} Rc8
{[%clk 0:59:52]} 15. Qe2 {[%clk 0:54:14]} Nxd5 {[%clk 0:57:55]} 16. Rad1
{[%clk 0:51:40]} Rc5 {[%clk 0:57:50]} 17. Be3 {[%clk 0:33:26]} Ra5
{[%clk 0:57:45]} 18. f4 {[%clk 0:31:10]} Ng4 {[%clk 0:54:22]} 19. Bxd5
{[%clk 0:28:54]} Nxe3 {[%clk 0:37:53]} 20. Bxf7+ {[%clk 0:28:53]} Kxf7
{[%clk 0:38:11]} 21. Rxd8 {[%clk 0:29:14]} Rxd8 {[%clk 0:38:28]} 22. Nxc4
{[%clk 0:25:15]} Nxf1 {[%clk 0:32:28]} 23. Nxa5 {[%clk 0:25:39]} Ne3
{[%clk 0:32:03]} 24. Nb3 {[%clk 0:20:45]} Nd1 {[%clk 0:31:25]} 25. Qc4+
{[%clk 0:15:55]} Kf8 {[%clk 0:31:21]} 26. Qc7 {[%clk 0:16:08]} Rd6
{[%clk 0:28:30]} 27. Qxb7 {[%clk 0:16:20]} a6 {[%clk 0:28:19]} 28. Kg2
{[%clk 0:15:07]} Bxb2 {[%clk 0:20:35]} 29. Nc5 {[%clk 0:13:18]} Bd4
{[%clk 0:20:20]} 30. Qc8+ {[%clk 0:11:02]} Kg7 {[%clk 0:16:42]} 31. Ne6+
{[%clk 0:10:49]} Kf7 {[%clk 0:16:31]} 32. Ng5+ {[%clk 0:11:04]} Kg7
{[%clk 0:16:46]} 33. Qe8 {[%clk 0:11:03]} 1-0

[Event "World Chess Olympiad 2018"]
[Site "Batumi"]
[Date "2018.09.25"]
[Round "2"]
[Board "2"]
[WhiteFideId "4107101"]
[White "Meshkov Yuri A."]
[BlackFideId "10200037"]
[Black "Rahman Ziaur"]
[Result "0-1"]
[LiveChessVersion "1.4.8"]
[BlackElo "2477"]
[WhiteElo "2313"]

1. d4 {[%clk 1:31:14]} d5 {[%clk 1:29:37]} 2. Bf4 {[%clk 1:31:29]} Nf6
{[%clk 1:29:27]} 3. e3 {[%clk 1:31:38]} e6 {[%clk 1:29:29]} 4. Nd2
{[%clk 1:31:56]} c5 {[%clk 1:27:56]} 5. c3 {[%clk 1:30:35]} Bd6 {[%clk 1:27:29]}
6. Bg3 {[%clk 1:27:17]} O-O {[%clk 1:27:33]} 7. Bd3 {[%clk 1:05:16]} Nc6
{[%clk 1:25:50]} 8. f4 {[%clk 1:04:03]} Ne7 {[%clk 1:22:19]} 9. Qf3
{[%clk 0:59:12]} Bd7 {[%clk 1:10:05]} 10. Bh4 {[%clk 0:53:17]} Ng6
{[%clk 1:04:46]} 11. Bxf6 {[%clk 0:53:29]} Qxf6 {[%clk 1:04:05]} 12. g3
{[%clk 0:53:44]} cxd4 {[%clk 1:01:20]} 13. exd4 {[%clk 0:53:52]} b5
{[%clk 1:01:00]} 14. Qh5 {[%clk 0:53:28]} h6 {[%clk 0:59:43]} 15. Ne2
{[%clk 0:52:37]} b4 {[%clk 0:58:57]} 16. Nf3 {[%clk 0:52:06]} bxc3
{[%clk 0:57:47]} 17. bxc3 Rfb8 {[%clk 0:57:35]} 18. Ne5 {[%clk 0:50:57]} Bb5
{[%clk 0:56:00]} 19. O-O {[%clk 0:44:12]} Bxd3 {[%clk 0:53:20]} 20. Nxd3
{[%clk 0:42:43]} Ne7 {[%clk 0:49:35]} 21. g4 {[%clk 0:42:50]} Qg6
{[%clk 0:48:12]} 22. Qxg6 {[%clk 0:42:24]} Nxg6 {[%clk 0:48:17]} 23. Rfb1
{[%clk 0:42:15]} Nf8 {[%clk 0:44:25]} 24. Rb3 Nd7 {[%clk 0:44:20]} 25. Rab1
{[%clk 0:41:10]} Nb6 {[%clk 0:43:54]} 26. h4 {[%clk 0:33:10]} Rc8 27. Nb2
{[%clk 0:26:54]} Rc6 {[%clk 0:37:30]} 28. Kf2 {[%clk 0:25:55]} Nd7
{[%clk 0:33:35]} 29. Kf3 {[%clk 0:25:01]} Nf6 {[%clk 0:31:59]} 30. Ng3
{[%clk 0:24:17]} Rac8 {[%clk 0:31:15]} 31. Nd1 g5 {[%clk 0:30:51]} 32. hxg5
{[%clk 0:19:31]} hxg5 {[%clk 0:31:15]} 33. fxg5 {[%clk 0:18:46]} Nh7
{[%clk 0:31:35]} 34. Ne2 {[%clk 0:17:41]} Nxg5+ {[%clk 0:31:40]} 35. Ke3
{[%clk 0:17:07]} Kg7 {[%clk 0:29:04]} 36. Nf2 {[%clk 0:16:03]} Ra6
{[%clk 0:27:47]} 37. R1b2 {[%clk 0:13:57]} Bc7 {[%clk 0:23:32]} 38. Rb7
{[%clk 0:07:58]} Bb6 {[%clk 0:22:08]} 39. Nd3 {[%clk 0:36:21]} Ne4
{[%clk 0:21:34]} 40. Rc2 {[%clk 0:36:18]} Nd6 {[%clk 0:49:57]} 41. Rd7
{[%clk 0:34:52]} Nc4+ {[%clk 0:50:54]} 42. Kf3 {[%clk 0:34:40]} Kf8
{[%clk 0:49:43]} 43. Ne5 {[%clk 0:27:44]} Nxe5+ {[%clk 0:48:09]} 44. dxe5
{[%clk 0:19:13]} Bc7 {[%clk 0:47:33]} 0-1

[Event "World Chess Olympiad 2018"]
[Site "Batumi"]
[Date "2018.09.25"]
[Round "2"]
[Board "3"]
[WhiteFideId "10207791"]
[White "Mohammad Fahad Rahman"]
[BlackFideId "14114879"]
[Black "Grigorchuk Sergey"]
[Result "1-0"]
[LiveChessVersion "1.4.8"]
[BlackElo "2288"]
[WhiteElo "2263"]

1. e4 e6 2. d4 d5 3. Nc3 Bb4 4. e5 c5 5. a3 Bxc3+ 6. bxc3 Qc7 7. Nf3 b6 8. a4 Ba6
9. Bxa6 Nxa6 10. O-O Ne7 11. Qe2 Nb8 12. a5 bxa5 13. Ba3 Nd7 14. dxc5 Nc6 15. Nd4
O-O 16. f4 a6 17. Rf3 Rfe8 18. Rh3 f5 19. g4 Nf8 20. gxf5 Nxd4 21. cxd4 exf5 22.
Bc1 Ne6 23. c3 Qc6 24. Qh5 Nf8 25. Qxf5 Rab8 26. Rxa5 1-0

[Event "World Chess Olympiad 2018"]
[Site "Batumi"]
[Date "2018.09.25"]
[Round "2"]
[Board "4"]
[WhiteFideId "7200315"]
[White "Poulsen Martin"]
[BlackFideId "14407701"]
[Black "Burovic Rijad"]
[Result "1-0"]
[LiveChessVersion "1.4.8"]
[BlackElo "2380"]
[WhiteElo "2239"]

1. b3 {[%clk 1:28:38]} Nf6 {[%clk 1:23:55]} 2. Bb2 {[%clk 1:28:53]} d6
{[%clk 1:23:44]} 3. e3 {[%clk 1:18:58]} g6 {[%clk 1:20:18]} 4. Bxf6
{[%clk 1:18:49]} exf6 {[%clk 1:20:39]} 5. c4 {[%clk 1:19:09]} Bg7
{[%clk 1:20:08]} 6. Nc3 {[%clk 1:19:31]} O-O {[%clk 1:20:02]} 7. Nge2
{[%clk 1:11:22]} b6 {[%clk 1:11:11]} 8. Nf4 {[%clk 0:52:52]} Bb7 {[%clk 0:57:25]}
9. Be2 {[%clk 0:48:17]} Nd7 {[%clk 0:56:25]} 10. Bf3 {[%clk 0:37:42]} c6
{[%clk 0:54:02]} 11. d4 {[%clk 0:37:02]} Re8 {[%clk 0:50:35]} 12. O-O
{[%clk 0:25:47]} f5 {[%clk 0:49:42]} 13. b4 {[%clk 0:25:13]} Nf6 {[%clk 0:46:58]}
14. b5 {[%clk 0:23:38]} Ne4 {[%clk 0:24:33]} 15. Bxe4 {[%clk 0:22:49]} fxe4
{[%clk 0:24:42]} 16. bxc6 {[%clk 0:22:08]} Bxc6 {[%clk 0:25:03]} 17. Rc1
{[%clk 0:19:47]} f5 {[%clk 0:21:08]} 18. Nfd5 {[%clk 0:12:46]} Qd7
{[%clk 0:19:38]} 19. Qe2 {[%clk 0:07:45]} Qf7 {[%clk 0:11:00]} 20. Nf4
{[%clk 0:03:25]} g5 {[%clk 0:09:12]} 21. Nfd5 {[%clk 0:03:27]} b5
{[%clk 0:03:38]} 22. Nb4 {[%clk 0:02:43]} Bd7 {[%clk 0:02:06]} 23. Nxb5
{[%clk 0:03:05]} f4 {[%clk 0:01:35]} 24. f3 {[%clk 0:02:12]} Bxb5
{[%clk 0:01:04]} 25. cxb5 {[%clk 0:02:30]} exf3 {[%clk 0:00:47]} 26. Qxf3
{[%clk 0:02:32]} Rab8 {[%clk 0:00:37]} 27. exf4 {[%clk 0:00:49]} Rxb5
{[%clk 0:00:33]} 28. Nc6 {[%clk 0:00:38]} Rf5 {[%clk 0:00:40]} 29. Qd3
{[%clk 0:00:34]} Rxf4 {[%clk 0:00:35]} 30. Rxf4 {[%clk 0:00:38]} Qxf4
{[%clk 0:00:55]} 31. Qc4+ {[%clk 0:00:34]} Kh8 {[%clk 0:00:48]} 32. Rf1
{[%clk 0:00:46]} Qe3+ {[%clk 0:00:39]} 33. Kh1 {[%clk 0:01:02]} g4
{[%clk 0:00:34]} 34. Qb5 {[%clk 0:00:34]} h6 {[%clk 0:00:33]} 35. Ne5
{[%clk 0:00:46]} Rc8 {[%clk 0:00:32]} 36. Ng6+ {[%clk 0:00:34]} Kh7
{[%clk 0:00:38]} 37. Qf5 {[%clk 0:00:55]} Rc1 {[%clk 0:00:33]} 38. Nf8+
{[%clk 0:01:06]} 1-0

[Event "World Chess Olympiad 2018"]
[Site "Batumi"]
[Date "2018.09.25"]
[Round "2"]
[Board "4"]
[WhiteFideId "19601441"]
[White "Mohamed Abderrahim Taleb Mohamed"]
[BlackFideId "14800276"]
[Black "Chunguane Ilidio Alberto"]
[Result "0-1"]
[LiveChessVersion "1.4.8"]
[BlackElo "2054"]
[WhiteElo "1776"]

1. e4 {[%clk 1:30:42]} e6 {[%clk 1:30:37]} 2. d4 {[%clk 1:30:44]} d5
{[%clk 1:30:38]} 3. Nd2 {[%clk 1:30:16]} c5 {[%clk 1:27:41]} 4. dxc5
{[%clk 1:28:43]} Bxc5 {[%clk 1:25:02]} 5. Bd3 {[%clk 1:28:10]} Nc6
{[%clk 1:24:22]} 6. Ngf3 {[%clk 1:25:21]} Nf6 {[%clk 1:22:26]} 7. Qe2
{[%clk 1:24:09]} O-O {[%clk 1:18:47]} 8. O-O {[%clk 1:24:02]} e5 {[%clk 1:16:42]}
9. exd5 {[%clk 1:18:39]} Qxd5 {[%clk 1:15:51]} 10. Ne4 {[%clk 1:16:10]} Bg4
{[%clk 1:04:25]} 11. Rd1 {[%clk 1:10:41]} Nd4 {[%clk 0:55:20]} 12. Nxf6+ gxf6 13.
Qe4 {[%clk 1:06:41]} Qxe4 {[%clk 0:52:33]} 14. Bxe4 {[%clk 1:07:07]} Rfd8
{[%clk 0:51:55]} 15. Be3 {[%clk 1:03:04]} f5 {[%clk 0:45:29]} 16. Bxb7
{[%clk 0:58:07]} Rab8 {[%clk 0:45:37]} 17. Nxd4 {[%clk 0:57:55]} exd4
{[%clk 0:41:43]} 18. Bg5 {[%clk 0:57:37]} Bxd1 {[%clk 0:34:28]} 19. Bxd8
{[%clk 0:57:50]} Bxc2 {[%clk 0:34:23]} 20. Rc1 {[%clk 0:57:26]} d3
{[%clk 0:34:04]} 21. Ra1 0-1

[Event "World Chess Olympiad 2018"]
[Site "Batumi"]
[Date "2018.09.25"]
[Round "2"]
[Board "1"]
[WhiteFideId "8200084"]
[White "Matoewi Roger"]
[BlackFideId "19700261"]
[Black "Drayton Anthony"]
[Result "1-0"]
[LiveChessVersion "1.4.8"]
[BlackElo "2024"]
[WhiteElo "2067"]

1. e4 {[%clk 1:30:55]} c5 {[%clk 1:30:31]} 2. Ne2 {[%clk 1:31:10]} e6
{[%clk 1:30:33]} 3. g3 {[%clk 1:31:28]} d5 {[%clk 1:29:55]} 4. Bg2
{[%clk 1:31:48]} dxe4 {[%clk 1:29:21]} 5. Bxe4 {[%clk 1:32:10]} Nf6
{[%clk 1:29:32]} 6. Bg2 {[%clk 1:32:33]} Nc6 {[%clk 1:29:40]} 7. d3
{[%clk 1:30:55]} Be7 {[%clk 1:29:09]} 8. Nbc3 {[%clk 1:30:42]} O-O
{[%clk 1:28:56]} 9. O-O {[%clk 1:31:06]} h6 {[%clk 1:27:35]} 10. Nf4
{[%clk 1:26:35]} Rb8 {[%clk 1:24:15]} 11. Nh5 {[%clk 1:15:46]} Nd4
{[%clk 1:22:01]} 12. Bf4 {[%clk 1:09:54]} Ra8 {[%clk 1:21:29]} 13. Nxf6+
{[%clk 0:57:23]} Bxf6 {[%clk 1:21:49]} 14. Ne4 {[%clk 0:57:45]} Be7
{[%clk 1:18:02]} 15. c3 {[%clk 0:46:28]} Nf5 {[%clk 1:16:57]} 16. Qe2
{[%clk 0:40:14]} Bd7 {[%clk 1:14:46]} 17. Rad1 {[%clk 0:38:36]} Bc6
{[%clk 1:14:28]} 18. Qh5 {[%clk 0:32:08]} Rc8 {[%clk 1:12:42]} 19. Be5
{[%clk 0:30:30]} Qe8 {[%clk 1:08:07]} 20. Qh3 {[%clk 0:28:40]} f6
{[%clk 1:06:09]} 21. Bf4 {[%clk 0:28:09]} e5 {[%clk 1:06:25]} 22. Bc1
{[%clk 0:23:43]} Bd7 {[%clk 1:06:44]} 23. g4 {[%clk 0:23:14]} Nd6
{[%clk 1:06:55]} 24. Nxd6 {[%clk 0:23:14]} Bxd6 {[%clk 1:07:14]} 25. Bxb7
{[%clk 0:22:54]} Qg6 {[%clk 1:07:32]} 26. Bxc8 {[%clk 0:20:09]} Bxc8
{[%clk 1:07:52]} 27. Qh5 {[%clk 0:20:33]} Qh7 {[%clk 1:07:17]} 28. Rfe1
{[%clk 0:15:11]} Be6 {[%clk 1:06:34]} 29. b3 {[%clk 0:11:49]} f5 {[%clk 1:06:28]}
30. g5 {[%clk 0:07:21]} Bf7 {[%clk 1:06:50]} 31. Qh4 {[%clk 0:07:36]} Qg6
{[%clk 1:07:12]} 32. Kf1 {[%clk 0:06:27]} h5 {[%clk 1:04:56]} 33. f4
{[%clk 0:03:20]} e4 {[%clk 1:05:14]} 34. Be3 {[%clk 0:02:56]} exd3
{[%clk 1:04:58]} 35. c4 {[%clk 0:03:05]} a5 {[%clk 1:04:01]} 36. Rxd3
{[%clk 0:03:24]} a4 {[%clk 1:04:21]} 37. Qf2 {[%clk 0:02:59]} axb3
{[%clk 1:04:18]} 38. axb3 {[%clk 0:03:21]} Rb8 {[%clk 1:04:04]} 39. Kg1
{[%clk 0:02:59]} Re8 {[%clk 1:03:40]} 40. Red1 {[%clk 0:33:09]} Bb8
{[%clk 1:32:43]} 41. Bxc5 {[%clk 0:27:57]} Bc7 {[%clk 1:29:48]} 42. Bd6
{[%clk 0:24:50]} Bd8 {[%clk 1:28:53]} 43. h4 {[%clk 0:23:35]} Qe6
{[%clk 1:27:34]} 44. Be5 {[%clk 0:22:21]} Bb6 {[%clk 1:27:49]} 45. c5
{[%clk 0:22:42]} Ba5 {[%clk 1:27:53]} 46. Qd4 {[%clk 0:20:56]} Qc6
{[%clk 1:27:04]} 47. Qd6 {[%clk 0:17:27]} Qe4 {[%clk 1:27:02]} 48. g6
{[%clk 0:17:23]} Be6 {[%clk 1:25:47]} 49. Qxe6+ {[%clk 0:17:34]} 1-0

[Event "World Chess Olympiad 2018"]
[Site "Batumi"]
[Date "2018.09.25"]
[Round "2"]
[Board "3"]
[WhiteFideId "8200041"]
[White "Gajadin Dewperkash"]
[BlackFideId "19700083"]
[Black "Nathoo Loris"]
[Result "1-0"]
[LiveChessVersion "1.4.8"]
[BlackElo "1665"]
[WhiteElo "2010"]

1. e4 {[%clk 1:30:56]} e5 {[%clk 1:30:50]} 2. Nf3 {[%clk 1:31:21]} Nc6
{[%clk 1:31:07]} 3. Bc4 {[%clk 1:31:42]} Bc5 {[%clk 1:31:29]} 4. c3
{[%clk 1:32:00]} d6 {[%clk 1:24:54]} 5. d4 {[%clk 1:22:01]} exd4 {[%clk 1:23:41]}
6. cxd4 {[%clk 1:21:14]} Bb4+ {[%clk 1:23:21]} 7. Nc3 {[%clk 1:19:11]} Nf6
{[%clk 1:16:18]} 8. d5 {[%clk 0:54:41]} Bxc3+ {[%clk 1:16:24]} 9. bxc3
{[%clk 0:55:08]} Ne7 {[%clk 1:10:56]} 10. Bd3 {[%clk 0:48:48]} O-O
{[%clk 1:06:42]} 11. h3 {[%clk 0:46:21]} Re8 {[%clk 1:05:12]} 12. O-O
{[%clk 0:45:26]} Ng6 {[%clk 1:02:38]} 13. Qc2 {[%clk 0:39:05]} Nh5
{[%clk 0:53:31]} 14. Kh2 {[%clk 0:30:22]} Qd7 {[%clk 0:47:57]} 15. Re1
{[%clk 0:25:36]} Nhf4 {[%clk 0:38:11]} 16. Bf1 {[%clk 0:23:15]} c6
{[%clk 0:26:48]} 17. c4 {[%clk 0:18:58]} a6 {[%clk 0:19:02]} 18. Bd2
{[%clk 0:18:14]} b5 {[%clk 0:16:59]} 19. cxb5 {[%clk 0:17:18]} cxb5
{[%clk 0:17:02]} 20. Rac1 {[%clk 0:16:14]} Ra7 {[%clk 0:14:43]} 21. Qc6
{[%clk 0:14:02]} Nh5 {[%clk 0:12:10]} 22. Bb4 {[%clk 0:13:08]} Ne5
{[%clk 0:11:01]} 23. Qxd6 {[%clk 0:10:39]} Nxf3+ {[%clk 0:09:54]} 24. gxf3
{[%clk 0:10:47]} Qxd6+ {[%clk 0:08:23]} 25. Bxd6 {[%clk 0:11:13]} Rd7
{[%clk 0:08:31]} 26. Bg3 {[%clk 0:09:34]} f6 {[%clk 0:06:35]} 27. f4
{[%clk 0:09:16]} Bb7 {[%clk 0:06:28]} 28. Bg2 {[%clk 0:08:49]} a5
{[%clk 0:06:32]} 29. Rc5 {[%clk 0:08:18]} Bxd5 {[%clk 0:06:29]} 30. Rxb5
{[%clk 0:06:57]} Bxa2 {[%clk 0:06:34]} 31. Ra1 {[%clk 0:06:31]} Bc4
{[%clk 0:05:36]} 32. Rxh5 {[%clk 0:06:27]} g5 {[%clk 0:04:38]} 33. fxg5
{[%clk 0:06:10]} Bf7 {[%clk 0:05:03]} 34. g6 {[%clk 0:06:16]} Bxg6
{[%clk 0:04:32]} 35. Rhxa5 {[%clk 0:06:31]} Bxe4 {[%clk 0:04:30]} 36. Re1
{[%clk 0:06:09]} Rde7 {[%clk 0:04:47]} 37. Bh4 {[%clk 0:05:31]} Kf7
{[%clk 0:03:41]} 38. Ra6 {[%clk 0:05:04]} Bxg2 {[%clk 0:01:22]} 39. Rxe7+
{[%clk 0:05:05]} Rxe7 {[%clk 0:01:02]} 40. Rxf6+ {[%clk 0:35:08]} Ke8
{[%clk 0:31:13]} 41. Kxg2 {[%clk 0:35:27]} Rg7+ {[%clk 0:30:05]} 42. Kf3
{[%clk 0:35:30]} Rb7 {[%clk 0:29:52]} 43. Kg4 {[%clk 0:35:37]} Rb4+
{[%clk 0:27:35]} 44. f4 {[%clk 0:36:01]} Rb5 {[%clk 0:27:42]} 45. Rh6
{[%clk 0:36:02]} Rb7 {[%clk 0:27:37]} 46. Bf6 {[%clk 0:36:20]} Kf8
{[%clk 0:27:26]} 47. h4 {[%clk 0:35:39]} Kg8 {[%clk 0:27:28]} 48. Be5
{[%clk 0:35:04]} Rd7 {[%clk 0:27:11]} 49. h5 {[%clk 0:35:15]} Rb7
{[%clk 0:27:09]} 50. Rc6 {[%clk 0:35:23]} Rb1 {[%clk 0:23:41]} 51. Rc8+
{[%clk 0:32:30]} Kf7 {[%clk 0:23:56]} 52. Kf5 {[%clk 0:31:08]} Rb6
{[%clk 0:22:39]} 53. Rc7+ {[%clk 0:31:06]} Kf8 {[%clk 0:21:46]} 54. Rxh7
{[%clk 0:31:17]} Kg8 {[%clk 0:21:28]} 55. Rh8+ {[%clk 0:30:57]} Kf7
{[%clk 0:21:39]} 56. h6 {[%clk 0:30:31]} Rf6+ {[%clk 0:21:31]} 57. Ke4
{[%clk 0:30:14]} Ra6 {[%clk 0:21:13]} 58. f5 {[%clk 0:28:44]} 1-0

[Event "World Chess Olympiad 2018"]
[Site "Batumi"]
[Date "2018.09.25"]
[Round "2"]
[Board "4"]
[WhiteFideId "19700130"]
[White "Corlette Glenford"]
[BlackFideId "8200173"]
[Black "Hanoeman Suradj"]
[Result "0-1"]
[LiveChessVersion "1.4.8"]
[BlackElo "1996"]
[WhiteElo "1653"]

1. e4 {[%clk 1:30:53]} c5 {[%clk 1:29:18]} 2. Nf3 {[%clk 1:31:12]} e6
{[%clk 1:28:51]} 3. d4 {[%clk 1:31:17]} cxd4 {[%clk 1:29:16]} 4. Nxd4
{[%clk 1:31:37]} a6 {[%clk 1:29:40]} 5. Nc3 {[%clk 1:30:54]} Qc7 {[%clk 1:29:43]}
6. Bd3 {[%clk 1:29:01]} Nc6 {[%clk 1:27:59]} 7. Nxc6 {[%clk 1:27:06]} dxc6
{[%clk 1:28:26]} 8. O-O {[%clk 1:24:52]} e5 {[%clk 1:28:42]} 9. Be3
{[%clk 1:20:52]} Nf6 {[%clk 1:27:22]} 10. Na4 {[%clk 1:18:07]} Nd7
{[%clk 1:18:50]} 11. c4 {[%clk 1:12:20]} Be7 {[%clk 1:08:31]} 12. c5
{[%clk 1:11:42]} Rb8 {[%clk 1:06:56]} 13. Rc1 {[%clk 1:03:19]} Nf6
{[%clk 1:03:36]} 14. h3 {[%clk 1:00:02]} Be6 {[%clk 1:00:14]} 15. f4
{[%clk 0:58:57]} Rd8 {[%clk 0:58:29]} 16. Qc2 {[%clk 0:58:08]} O-O
{[%clk 0:47:03]} 17. f5 {[%clk 0:56:43]} Bc8 {[%clk 0:46:22]} 18. Bc4
{[%clk 0:55:33]} Rd4 {[%clk 0:43:09]} 19. Bxd4 {[%clk 0:52:09]} exd4
{[%clk 0:43:31]} 20. Qd3 {[%clk 0:50:16]} Qe5 {[%clk 0:42:03]} 21. Rfe1
{[%clk 0:39:40]} Nh5 {[%clk 0:35:39]} 22. Qf3 {[%clk 0:38:46]} Ng3
{[%clk 0:31:57]} 23. Rcd1 {[%clk 0:31:48]} Bg5 {[%clk 0:30:12]} 24. Rd3
{[%clk 0:31:09]} Nxf5 {[%clk 0:28:07]} 25. Nb6 {[%clk 0:27:07]} Be3+
{[%clk 0:25:21]} 26. Rexe3 {[%clk 0:24:45]} Nxe3 {[%clk 0:25:20]} 27. Bb3 Qxc5
{[%clk 0:17:18]} 28. Nxc8 {[%clk 0:18:16]} Rxc8 {[%clk 0:16:45]} 29. Kf2
{[%clk 0:15:45]} Rf8 {[%clk 0:14:14]} 30. g4 {[%clk 0:14:15]} Nc4
{[%clk 0:14:21]} 31. Qd1 {[%clk 0:12:26]} Nxb2 {[%clk 0:14:34]} 32. Qf3
{[%clk 0:11:51]} Nxd3+ {[%clk 0:14:59]} 33. Qxd3 {[%clk 0:12:07]} Qc3
{[%clk 0:15:17]} 34. Qf1 {[%clk 0:09:24]} Qd2+ {[%clk 0:14:36]} 35. Kg1
{[%clk 0:08:19]} Qe3+ {[%clk 0:14:59]} 36. Kh2 {[%clk 0:08:15]} d3
{[%clk 0:15:14]} 37. Qf5 {[%clk 0:07:07]} d2 {[%clk 0:14:20]} 38. Bxf7+
{[%clk 0:05:49]} Rxf7 {[%clk 0:14:15]} 39. Qe6 {[%clk 0:04:46]} Qf2+
{[%clk 0:14:30]} 0-1